Demokracii sa tiež treba učiť
Vymedzenie pojmov regionálny rozvoj a regionálna politika. Kompatibilnosť regionalizácie a regionalizácie verejnej správy. Územné plánovanie a územný plán. Princíp subsidiarity vo verejnej správe.
Salvato in:
| Autore principale: | |
|---|---|
| Natura: | Capitolo di libro |
| Lingua: | slovacco |
| Soggetti: | |
| Tags: |
Nessun Tag, puoi essere il primo ad aggiungerne!!
|
MARC
| LEADER | 00000naa a2200000 4500 | ||
|---|---|---|---|
| 001 | r037005 | ||
| 005 | 20230825082027.5 | ||
| 041 | 0 | |a slo | |
| 044 | |a SK | ||
| 245 | 1 | 0 | |a Demokracii sa tiež treba učiť |c Júlia Kostolná |
| 520 | |a Vymedzenie pojmov regionálny rozvoj a regionálna politika. Kompatibilnosť regionalizácie a regionalizácie verejnej správy. Územné plánovanie a územný plán. Princíp subsidiarity vo verejnej správe. | ||
| 610 | 2 | 0 | |a rozvoj regionálny |
| 610 | 2 | 0 | |a správa verejná |
| 610 | 2 | 0 | |a politika regionálna |
| 610 | 2 | 0 | |a regióny |
| 610 | 2 | 0 | |a decentralizácia |
| 610 | 2 | 0 | |a plánovanie územné |
| 610 | 2 | 0 | |a Slovensko |
| 100 | 1 | |a Kostolná, Júlia | |